[Event "Florianopolis op 8th"]
[Site "Florianopolis"]
[Date "2022.01.26"]
[Round "4"]
[White "Kikuchi Cadilhac, Mariana Sawae"]
[Black "Tomiello, Mateus Costamilan"]
[Result "0-1"]
[WhiteElo "1791"]
[BlackElo "2004"]
[PlyCount "56"]
[EventDate "2022.01.24"]
[EventType "swiss"]
[EventRounds "10"]
[EventCountry "BRA"]
[SourceTitle "CBM 206 Extra"]
[Source "ChessBase"]
[SourceDate "2022.03.31"]
[SourceVersion "1"]
[SourceVersionDate "2022.03.31"]
[SourceQuality "1"]

1. e4 e5 2. Nf3 Nc6 3. Bc4 Bc5 4. 0-0 Nf6 5. d3 d6 6. c3 a6 7. Nbd2 0-0 8. Bb3 h6 9. h3 Ba7 10. Re1 Be6 11. Bc2 Nh7 12. Nf1 f5 13. exf5 Bxf5 14. Be3 Bxe3 15. Nxe3 Bg6 16. Qd2 Rxf3 17. gxf3 Ng5 18. Kg2 Qd7 19. Rh1 Rf8 20. Bd1 Bh5 21. Ng4 Ne7 22. d4 Ng6 23. Kg3 exd4 24. Qxd4 d5 25. f4 Ne4+ 26. Kh2 Nxf4 27. Nxh6+ gxh6 28. Rg1+ Kh7 0-1

[Event "BRA-ch (Women) 60th"]
[Site "Cuiaba"]
[Date "2021.10.31"]
[Round "6"]
[White "Medeiros, Thauane Ferreira"]
[Black "Kikuchi Cadilhac, Mariana Sawae"]
[Result "1-0"]
[WhiteElo "1896"]
[BlackElo "1762"]
[PlyCount "51"]
[EventDate "2021.10.28"]
[EventType "swiss"]
[EventRounds "11"]
[EventCountry "BRA"]
[SourceTitle "CBM 205 Extra"]
[Source "ChessBase"]
[SourceDate "2022.01.31"]
[SourceVersion "1"]
[SourceVersionDate "2022.01.31"]
[SourceQuality "1"]

1. d4 Nf6 2. c4 e6 3. Nf3 Be7 4. Nc3 d5 5. Bf4 0-0 6. e3 Nh5 7. Bg3 Nxg3 8. hxg3 Nc6 9. Bd3 g6 10. a3 Bf6 11. b4 Rb8 12. cxd5 exd5 13. 0-0 Ne7 14. Qb3 Be6 15. Rfc1 Rc8 16. Rc2 c6 17. Rac1 Nf5 18. Na4 Nd6 19. Nc5 Qe7 20. b5 cxb5 21. Nxe6 Qxe6 22. Bxb5 Nxb5 23. Qxb5 b6 24. Rc6 Rxc6 25. Rxc6 Qd7 26. Ne5 1-0

[Event "Sao Jose dos Campos op"]
[Site "Sao Jose dos Campos"]
[Date "2021.10.12"]
[Round "6"]
[White "Kikuchi Cadilhac, Mariana Sawae"]
[Black "De Lima, Luciano Neves"]
[Result "0-1"]
[WhiteElo "1762"]
[BlackElo "1896"]
[PlyCount "42"]
[EventDate "2021.10.09"]
[EventType "swiss"]
[EventRounds "7"]
[EventCountry "BRA"]
[SourceTitle "CBM 204 Extra"]
[Source "ChessBase"]
[SourceDate "2021.11.30"]
[SourceVersion "1"]
[SourceVersionDate "2021.11.30"]
[SourceQuality "1"]

1. e4 d5 2. exd5 Nf6 3. c4 c6 4. dxc6 Nxc6 5. Nf3 e5 6. d3 e4 7. dxe4 Qxd1+ 8. Kxd1 Nxe4 9. Be3 Bg4 10. Be2 0-0-0+ 11. Kc1 Bb4 12. a3 Na5 13. Kc2 Nxf2 14. axb4 Bf5+ 15. Kc3 Ne4+ 16. Kc2 Nf2+ 17. Kc3 Rhe8 18. Bxf2 Rxe2 19. bxa5 Rd3+ 20. Kb4 Rxb2+ 21. Kc5 b6+ 0-1

[Event "Sao Jose dos Campos op"]
[Site "Sao Jose dos Campos"]
[Date "2021.10.11"]
[Round "5"]
[White "Silva, Kaua Marques"]
[Black "Kikuchi Cadilhac, Mariana Sawae"]
[Result "1-0"]
[WhiteElo "2086"]
[BlackElo "1762"]
[PlyCount "95"]
[EventDate "2021.10.09"]
[EventType "swiss"]
[EventRounds "7"]
[EventCountry "BRA"]
[SourceTitle "CBM 204 Extra"]
[Source "ChessBase"]
[SourceDate "2021.11.30"]
[SourceVersion "1"]
[SourceVersionDate "2021.11.30"]
[SourceQuality "1"]

1. e4 e5 2. Nf3 Nc6 3. d4 exd4 4. Bc4 Nf6 5. e5 d5 6. Bb5 Ne4 7. Nxd4 Bd7 8. Bxc6 bxc6 9. 0-0 Bc5 10. f3 Ng5 11. Be3 0-0 12. f4 Ne4 13. Nd2 Nxd2 14. Qxd2 Bb6 15. Nb3 Qe7 16. Rae1 Rae8 17. Qc3 h6 18. Kh1 Bxe3 19. Rxe3 Rb8 20. a3 Rb5 21. f5 Qh4 22. Nd4 Rb6 23. Rh3 Qe4 24. Re1 Qf4 25. Rf3 Qh4 26. b4 Ra6 27. Qd2 Ra4 28. Rh3 Qg4 29. Rg3 Qh5 30. e6 fxe6 31. fxe6 Be8 32. Nxc6 Qh4 33. Nd4 c5 34. Nf3 Qh5 35. Qc3 d4 36. Qb3 Kh8 37. bxc5 Qxc5 38. Qb7 Rg8 39. Ng5 Qxc2 40. Nf7+ Kh7 41. Nd6 Bc6 42. Qf7 Rxa3 43. Rg4 Re3 44. Rg1 Re5 45. e7 Bd7 46. Ne4 Rf5 47. Qg6+ Kh8 48. e8Q 1-0

[Event "BRA-ch U16 Girls"]
[Site "Florianopolis"]
[Date "2021.07.02"]
[Round "3"]
[White "Kikuchi Cadilhac, Mariana Sawae"]
[Black "Campagnolo, Bruna"]
[Result "1-0"]
[WhiteElo "1776"]
[BlackElo "1289"]
[PlyCount "155"]
[EventDate "2021.07.01"]
[EventType "swiss"]
[EventRounds "6"]
[EventCountry "BRA"]
[SourceTitle "CBM 203 Extra"]
[Source "ChessBase"]
[SourceDate "2021.09.30"]
[SourceVersion "1"]
[SourceVersionDate "2021.09.30"]
[SourceQuality "1"]

1. e4 c5 2. Nf3 Nc6 3. d4 cxd4 4. Nxd4 e5 5. Nb5 a6 6. Nd6+ Bxd6 7. Qxd6 Qe7 8. Qd1 d6 9. Nc3 Be6 10. Be3 Nf6 11. Be2 0-0 12. 0-0 Nd7 13. Bf3 Nc5 14. Nd5 Bxd5 15. Qxd5 Kh8 16. Rad1 Rad8 17. Qd2 Qe6 18. a3 b5 19. Qc3 Rc8 20. Rxd6 Qxd6 21. Bxc5 Qd8 22. Bxf8 Qxf8 23. Bg4 Rc7 24. Rd1 Qe7 25. Qh3 Nb8 26. Qd3 Nc6 27. Qd6 Qxd6 28. Rxd6 h6 29. h3 Kg8 30. Rd7 Rxd7 31. Bxd7 Nd4 32. c3 Nb3 33. f3 Kf8 34. Bc8 Nc5 35. Kf1 Ke7 36. Ke2 Kd8 37. Bg4 Na4 38. Kd2 Nxb2 39. Kc2 Nc4 40. Kb3 Kc7 41. Kb4 Kb6 42. Bd7 a5+ 43. Kb3 Kc5 44. Be8 a4+ 45. Ka2 Nd6 46. Bd7 Kc4 47. Kb2 Kd3 48. h4 Ke3 49. h5 Kf4 50. Ka2 Kg3 51. c4 bxc4 52. Bxa4 Kxg2 53. Bd1 Nb5 54. Kb2 c3+ 55. Kb3 c2 56. Bxc2 Nxa3 57. Kxa3 Kxf3 58. Bb3 Kxe4 59. Bxf7 Kf4 60. Kb2 Ke3 61. Kc2 e4 62. Kd1 Kf2 63. Bd5 Ke3 64. Ke1 Kd4 65. Bf7 Ke3 66. Be6 Kf3 67. Kf1 Ke3 68. Kg2 Kd2 69. Bc4 Ke3 70. Kg3 Kd2 71. Kf4 e3 72. Kf5 e2 73. Bxe2 Kxe2 74. Kg6 Kf3 75. Kxg7 Kf4 76. Kxh6 Kf5 77. Kg7 Kg5 78. h6 1-0

[Event "Sao Paulo Carnaval op"]
[Site "Sao Paulo"]
[Date "2020.02.22"]
[Round "2"]
[White "Kikuchi Cadilhac, Mariana Sawae"]
[Black "Awoki, Daniel Teidi"]
[Result "0-1"]
[WhiteElo "1834"]
[BlackElo "2169"]
[PlyCount "92"]
[EventDate "2020.02.22"]
[EventType "swiss"]
[EventRounds "7"]
[EventCountry "BRA"]
[SourceTitle "CBM 195 Extra"]
[Source "ChessBase"]
[SourceDate "2020.05.31"]
[SourceVersion "1"]
[SourceVersionDate "2020.05.31"]
[SourceQuality "1"]

1. e4 c5 2. Nf3 Nc6 3. d4 cxd4 4. Nxd4 e6 5. Nb5 d6 6. c4 Nf6 7. N1c3 a6 8. Na3 Be7 9. Bd3 0-0 10. 0-0 b6 11. Nc2 Bb7 12. Be3 Nb8 13. f4 Nbd7 14. Rc1 Qc7 15. Kh1 h5 16. Qe1 Rad8 17. b4 Rc8 18. Bd2 Rfe8 19. Nd4 Qb8 20. Nf3 g6 21. f5 Ng4 22. fxg6 fxg6 23. Bf4 Nde5 24. Nxe5 Nxe5 25. Bxe5 dxe5 26. Qf2 Rf8 27. Qxb6 Rc6 28. Qa5 Qd6 29. Be2 Qxb4 30. Qxe5 Qc5 31. Rxf8+ Bxf8 32. Qxc5 Rxc5 33. Rb1 Bc6 34. Rb6 Bg7 35. Nd1 a5 36. Nf2 Bd4 37. Rb8+ Kg7 38. Nh3 Bxe4 39. Rb5 Rxb5 40. cxb5 Bd5 41. a3 Bc5 42. a4 Bb3 43. Nf4 Kf6 44. Bd3 Bxa4 45. Bxg6 Bd6 46. Bxh5 Bxf4 0-1

[Event "Sao Paulo Carnaval op"]
[Site "Sao Paulo"]
[Date "2020.02.22"]
[Round "1"]
[White "Oliveira, Olavo Tadeu Carvalh"]
[Black "Kikuchi Cadilhac, Mariana Sawae"]
[Result "0-1"]
[WhiteElo "1257"]
[BlackElo "1834"]
[PlyCount "92"]
[EventDate "2020.02.22"]
[EventType "swiss"]
[EventRounds "7"]
[EventCountry "BRA"]
[SourceTitle "CBM 195 Extra"]
[Source "ChessBase"]
[SourceDate "2020.05.31"]
[SourceVersion "1"]
[SourceVersionDate "2020.05.31"]
[SourceQuality "1"]

1. e4 e5 2. Nf3 Nc6 3. Bc4 Bc5 4. c3 Nf6 5. d4 exd4 6. cxd4 Bb4+ 7. Bd2 Bxd2+ 8. Nbxd2 d5 9. exd5 Nxd5 10. 0-0 0-0 11. Re1 Nb6 12. Re4 Nxc4 13. Nxc4 Qd5 14. Qe2 Bf5 15. Rf4 Bg6 16. Nce5 Rae8 17. Qc4 Qxc4 18. Nxc4 Re2 19. Kf1 Bd3 20. d5 Re4+ 21. Kg1 Rxf4 22. dxc6 Bxc4 23. cxb7 Bd5 24. Rc1 Bxb7 25. Rxc7 Rc8 26. Rxc8+ Bxc8 27. Kf1 Ba6+ 28. Ke1 Re4+ 29. Kd2 Re2+ 30. Kc3 Rxf2 31. Nh4 Bb7 32. b4 Bxg2 33. Nxg2 Rxg2 34. h4 Rxa2 35. b5 f5 36. Kd3 Rb2 37. b6 Rxb6 38. Ke3 Rb4 39. Kf3 a5 40. h5 a4 41. Kg3 a3 42. h6 a2 43. hxg7 a1Q 44. Kf3 Qc3+ 45. Ke2 Rb2+ 46. Kf1 Qc1# 0-1

[Event "Florianopolis op 6th"]
[Site "Florianopolis"]
[Date "2020.01.25"]
[Round "8"]
[White "Guimaraes, Diogo Duarte"]
[Black "Kikuchi Cadilhac, Mariana Sawae"]
[Result "1-0"]
[WhiteElo "2292"]
[BlackElo "1780"]
[PlyCount "85"]
[EventDate "2020.01.20"]
[EventType "swiss"]
[EventRounds "10"]
[EventCountry "BRA"]
[SourceTitle "CBM 194 Extra"]
[Source "ChessBase"]
[SourceDate "2020.03.31"]
[SourceVersion "1"]
[SourceVersionDate "2020.03.31"]
[SourceQuality "1"]

1. e4 e5 2. Nf3 Nc6 3. Bc4 Bc5 4. 0-0 Nf6 5. Nc3 0-0 6. d3 h6 7. Be3 Bb6 8. Nd5 d6 9. Nxb6 axb6 10. a3 Bg4 11. h3 Bh5 12. Re1 Re8 13. c3 d5 14. exd5 Nxd5 15. g4 Bg6 16. Qd2 e4 17. Bxd5 Qxd5 18. dxe4 Bxe4 19. Qxd5 Bxd5 20. Nd4 Nxd4 21. Bxd4 f6 22. f4 Kf7 23. Kf2 Rxe1 24. Rxe1 Re8 25. Rd1 Bc4 26. Be3 Ke7 27. Rd4 Bf7 28. g5 hxg5 29. fxg5 Be6 30. h4 Rf8 31. Kg3 Kf7 32. Bf4 c5 33. Rd6 b5 34. g6+ Ke7 35. Rb6 Rd8 36. Rxb7+ Bd7 37. b3 Ra8 38. Be3 Rc8 39. h5 c4 40. b4 Ra8 41. Bc5+ Ke6 42. Kf4 Rh8 43. Rb6+ 1-0

[Event "Florianopolis op 6th"]
[Site "Florianopolis"]
[Date "2020.01.21"]
[Round "3"]
[White "Kikuchi Cadilhac, Mariana Sawae"]
[Black "Heinechen, John"]
[Result "1-0"]
[WhiteElo "1780"]
[BlackElo "1974"]
[PlyCount "66"]
[EventDate "2020.01.20"]
[EventType "swiss"]
[EventRounds "10"]
[EventCountry "BRA"]
[SourceTitle "CBM 194 Extra"]
[Source "ChessBase"]
[SourceDate "2020.03.31"]
[SourceVersion "1"]
[SourceVersionDate "2020.03.31"]
[SourceQuality "1"]

1. e4 c5 2. Nf3 d6 3. d4 cxd4 4. Nxd4 Nf6 5. Nc3 g6 6. f3 Bg7 7. Be3 0-0 8. Qd2 Nc6 9. Be2 Bd7 10. 0-0-0 Rc8 11. g4 Ne5 12. h4 h5 13. gxh5 Nxh5 14. f4 Nc4 15. Bxc4 Rxc4 16. f5 Qa5 17. fxg6 f5 18. Qe2 Rxd4 19. Bxd4 Bh6+ 20. Kb1 Ng3 21. Qc4+ e6 22. Rhg1 Rc8 23. Qb3 f4 24. Qxb7 Qc7 25. Qxc7 Rxc7 26. Bf2 Rxc3 27. bxc3 Nxe4 28. Be1 d5 29. c4 f3 30. Rf1 Bg5 31. Rd3 Bc6 32. Rdxf3 dxc4 33. Ra3 a6 1-0

[Event "Sao Paulo Hebraica op 27th"]
[Site "Sao Paulo"]
[Date "2020.01.12"]
[Round "6"]
[White "Kikuchi Cadilhac, Mariana Sawae"]
[Black "Rocha, Anderson Rosendo"]
[Result "1/2-1/2"]
[WhiteElo "1780"]
[BlackElo "1666"]
[PlyCount "58"]
[EventDate "2020.01.10"]
[EventType "swiss"]
[EventRounds "6"]
[EventCountry "BRA"]
[SourceTitle "CBM 194 Extra"]
[Source "ChessBase"]
[SourceDate "2020.03.31"]
[SourceVersion "1"]
[SourceVersionDate "2020.03.31"]
[SourceQuality "1"]

1. e4 c5 2. Nf3 d6 3. d4 cxd4 4. Nxd4 Nf6 5. Nc3 Nbd7 6. Be2 a6 7. Be3 e6 8. 0-0 Be7 9. a4 0-0 10. a5 Qc7 11. f4 b5 12. axb6 Nxb6 13. f5 e5 14. Nb3 Nc4 15. Bxc4 Qxc4 16. Ra4 Qc7 17. g4 Bd7 18. g5 Bxa4 19. gxf6 Bxf6 20. Nxa4 Qc6 21. Nc3 Bd8 22. Nd5 f6 23. Rf3 a5 24. Rh3 Rf7 25. Qh5 h6 26. Qe2 a4 27. Nc1 a3 28. bxa3 Rxa3 29. Nb3 Ra4 1/2-1/2

[Event "Sao Paulo Hebraica op 27th"]
[Site "Sao Paulo"]
[Date "2020.01.11"]
[Round "3"]
[White "Sangiovanni, Marcello Gouveia"]
[Black "Kikuchi Cadilhac, Mariana Sawae"]
[Result "0-1"]
[WhiteElo "1652"]
[BlackElo "1780"]
[PlyCount "91"]
[EventDate "2020.01.10"]
[EventType "swiss"]
[EventRounds "6"]
[EventCountry "BRA"]
[SourceTitle "CBM 194 Extra"]
[Source "ChessBase"]
[SourceDate "2020.03.31"]
[SourceVersion "1"]
[SourceVersionDate "2020.03.31"]
[SourceQuality "1"]

1. e4 e5 2. Nc3 Nf6 3. f4 d6 4. Nf3 Nc6 5. Bc4 Be7 6. 0-0 0-0 7. f5 Nxe4 8. Nxe4 d5 9. Ng3 dxc4 10. Qe2 Qd5 11. Kh1 e4 12. Nxe4 Bxf5 13. d3 cxd3 14. cxd3 Rad8 15. Nfg5 h6 16. Qf2 Bg6 17. Nh3 Qxd3 18. Ng3 Qc2 19. Qf3 Rd3 20. Qg4 Ne5 21. Qf4 Bd6 22. Qh4 Qc4 23. Bf4 Nc6 24. Rac1 Qxa2 25. Nh5 Bxh5 26. Bxh6 gxh6 27. Qxh5 Qxb2 28. Qxh6 Qg7 29. Qh4 Rd4 30. Qh5 Qe5 31. Ng5 Qxh2+ 32. Qxh2 Bxh2 33. Kxh2 Rg4 34. Rc5 Kg7 35. Kh3 Rd4 36. Rcf5 Nd8 37. Nf3 Rd6 38. Ne5 Rh6+ 39. Kg4 Re6 40. Rg5+ Kh7 41. g3 f5+ 42. Kf4 Nf7 43. Rh1+ Rh6 44. Rxh6+ Kxh6 45. Rxf5 Nxe5 46. Rxf8 0-1

[Event "Sao Paulo op-B U2050 8th"]
[Site "Sao Paulo"]
[Date "2019.10.19"]
[Round "4"]
[White "Kikuchi Cadilhac, Mariana Sawae"]
[Black "Gazineu Neto, Rubens"]
[Result "0-1"]
[WhiteElo "1754"]
[BlackElo "1942"]
[PlyCount "78"]
[EventDate "2019.10.17"]
[EventType "swiss"]
[EventRounds "6"]
[EventCountry "BRA"]
[SourceTitle "CBM 192 Extra"]
[Source "Chessbase"]
[SourceDate "2019.11.06"]
[SourceVersion "1"]
[SourceVersionDate "2019.11.06"]
[SourceQuality "1"]

1. e4 c5 2. Nf3 Nc6 3. d4 cxd4 4. Nxd4 Nf6 5. Nc3 e5 6. Ndb5 d6 7. Bg5 a6 8. Na3 b5 9. Nd5 Be6 10. Bxf6 gxf6 11. Be2 Bg7 12. 0-0 0-0 13. f4 Bxd5 14. exd5 Ne7 15. f5 Qc8 16. Qd3 Qc5+ 17. Kh1 Qxd5 18. Qxd5 Nxd5 19. Bf3 Ne3 20. Rfe1 Nxf5 21. Bxa8 Rxa8 22. Rad1 Rd8 23. c4 bxc4 24. Nxc4 d5 25. Ne3 Nxe3 26. Rxe3 d4 27. Ra3 Rd6 28. Ra4 f5 29. Ra5 Kf8 30. g3 Ke7 31. a4 d3 32. Kg2 Ke6 33. Rc5 e4 34. b4 e3 35. b5 axb5 36. axb5 e2 37. Re1 Bd4 38. Rc4 Rd5 39. Rc7 d2 0-1

[Event "Caioba Copel op 5th"]
[Site "Caioba"]
[Date "2019.09.17"]
[Round "4"]
[White "Kikuchi Cadilhac, Mariana Sawae"]
[Black "Mariani, Daniel Brandao"]
[Result "1/2-1/2"]
[WhiteElo "1708"]
[BlackElo "2069"]
[PlyCount "73"]
[EventDate "2019.08.15"]
[EventType "swiss"]
[EventRounds "6"]
[EventCountry "BRA"]
[SourceTitle "EXT 2020"]
[Source "ChessBase"]
[SourceDate "2019.10.17"]
[SourceVersion "1"]
[SourceVersionDate "2019.10.17"]
[SourceQuality "1"]

1. e4 Nf6 2. e5 Nd5 3. d4 d6 4. exd6 cxd6 5. c4 Nb6 6. Nc3 g6 7. Nf3 Bg7 8. Be3 0-0 9. Qd2 Nc6 10. Bh6 Bg4 11. Bxg7 Kxg7 12. d5 Bxf3 13. gxf3 Ne5 14. Qe3 Qc8 15. b3 Qf5 16. f4 Ng4 17. Qd4+ Qf6 18. Qxf6+ Nxf6 19. Bd3 Nbd7 20. 0-0-0 Rac8 21. Kb2 Nc5 22. Bb1 Nh5 23. Ne2 Kf6 24. Rd4 Ng7 25. Ng3 e6 26. h4 Nf5 27. Rdd1 Ke7 28. h5 a5 29. Ne4 a4 30. hxg6 hxg6 31. Rh7 axb3 32. axb3 Rh8 33. Rdh1 Rxh7 34. Rxh7 exd5 35. Ng5 Rf8 36. cxd5 Nd7 37. Ne6 1/2-1/2

[Event "American Continental 15th"]
[Site "Sao Paulo"]
[Date "2019.07.06"]
[Round "2"]
[White "Kikuchi Cadilhac, Mariana Sawae"]
[Black "Soares, Reynaldo Magalhaes"]
[Result "1/2-1/2"]
[WhiteElo "1639"]
[BlackElo "1985"]
[PlyCount "83"]
[EventDate "2019.07.05"]
[EventType "swiss"]
[EventRounds "11"]
[EventCountry "BRA"]
[SourceTitle "CBM 191 Extra"]
[Source "ChessBase"]
[SourceDate "2019.09.30"]
[SourceVersion "1"]
[SourceVersionDate "2019.09.30"]
[SourceQuality "1"]

1. e4 c5 2. Nf3 d6 3. d4 cxd4 4. Nxd4 Nf6 5. Nc3 Nc6 6. Bg5 e6 7. Qd2 a6 8. 0-0-0 Bd7 9. f3 Rc8 10. Kb1 b5 11. Qe1 Qa5 12. Nb3 Qc7 13. Qf2 Be7 14. Bf4 e5 15. Be3 Be6 16. g4 0-0 17. h4 Rb8 18. h5 Rfc8 19. g5 Nd7 20. Bh3 Nb4 21. Bxe6 fxe6 22. a3 Nc6 23. g6 h6 24. Qd2 Bf8 25. Rdg1 Nb6 26. Qc1 Nc4 27. Bxh6 Nd4 28. Bxg7 Nxa3+ 29. bxa3 Qxc3 30. h6 Bxg7 31. hxg7 Qxc2+ 32. Qxc2 Nxc2 33. Kb2 Kxg7 34. Rh7+ Kg8 35. Re7 Ne3 36. g7 Nc4+ 37. Ka2 Re8 38. Ra7 Ra8 39. Rc7 Rac8 40. Ra7 Ra8 41. Rc7 Rec8 42. Re7 1/2-1/2